000 00565nam a2200181Ia 4500
008 100920s9999 xx 000 0 und d
082 _b65594
_a891.463.1 थ 88
100 _aक्षेत्रमाडे सुमति.
245 _aआषाढ मेघ.
260 _bप्रिया प्रकाशन,मुंबई 4.
_c1988
300 _a187
_bसाधी
365 _b75
520 _aलघुकथा.
630 _aआषाढ मेघ.
650 _aलघुकथा.
730 _aआषाढ मेघ.
942 _cBOOK
999 _c708335
_d708332